name the Kpop group - Statistics

General Stats
  • This quiz has been taken 602 times
  • The average score is 12 of 16
Answer Stats
title Answer % Correct
fake love BTS
97%
bang bang bang BigBang
96%
playing with fire BlackPink
93%
dope BTS
92%
cheer up Twice
92%
dance the night away Twice
91%
love scenario IKON
90%
idol BTS
89%
ko ko pop EXO
81%
bad boy Red Velvet
77%
lucifer SHINee
74%
Dont wanna cry SEVENTEEN
73%
never ever Got7
53%
begin BTS
39%
GOOD BOY G DRAGON
29%
i love you 2NE1
16%
No matching quizzes found
Score Distribution
Percent of People with Each Score
Percentile by Number Answered
Your Score History
You have not taken this quiz